00748nam a2200241Ia 4500003000400000005001700004008004100021040000700062041000800069082001900077100003300096245004900129260003600178300000700214365001200221440000600233650002500239650002000264906005300284942001200337999001900349952013800368OSt20250703104514.0210423s1979 xx 000 0 und d cAL aeng a010 223bSHAI aJagdish Saran Sharma9105724 aIndian socialism: a descriptive bibliography aNew DelhibWiley and Sonsc1979 bHB b65cINR v1 aBibliography9105725 aGeneral9105726 abibligraphy. ; descriptive ; Indian ; socialism: 2ddccBK c172243d172243 001040708MSWaSACPGbSACPGd2001-11-29eIntel Book Distributersg65.00l0o010 SHAIpPG018784r2022-08-24 00:00:00w2021-04-26yBK